000 00490nam a2200169Ia 4500
008 230718s9999 xx 000 0 und d
020 _a9789352300891
041 _aeng
082 _a629.8
_bRAJ
100 _aRaju N.V.S.
245 _aInstrumentation
_bOperation, Measurement, Scope And Application Of Instruments
260 _c2016
_bBS Publications
300 _a576
365 _cRs.
_b750.00
700 _aRaju N.V.S.
906 _dO:0518509-Jul-2016B:IN 38103-Jul-2016
_cINST
_b1875
999 _c342379
_d342379